000 00728nam a2200241Ia 4500
003 OSt
005 20220927105439.0
006 a|||||r|||| 00| 0
007 ta
008 220926b |||||||| |||| 00| 0 eng d
024 _a173636
037 _cReference Collections
040 _aRTL
_cRTL
_beng
041 _2eng
_aeng
082 _a"X6291.P02<-P01r, P2/GD"
110 _aBANK FOR INTERNATIONAL SETTLEMENTS.
_9372620
245 0 _a72nd Annual report.
260 _aBasel
_bBank for International Settlements.
_c2002
300 _avi; 193p.
_ccm.
700 _aBANK FOR INTERNATIONAL SETTLEMENTS.
_9372621
942 _h"X6291.P02<-P01r, P2/GD"
_cCC
999 _c692625
_d692625